Schaum's outline of thermodynamics for engineers/ (Record no. 3509)
[ view plain ]
| 000 -LEADER | |
|---|---|
| fixed length control field | 01204nac a22002411u 4500 |
| 090 ## - LOCALLY ASSIGNED LC-TYPE CALL NUMBER (OCLC); LOCAL CALL NUMBER (OCLC) | |
| -- | 3509 |
| 008 - FIXED-LENGTH DATA ELEMENTS--GENERAL INFORMATION | |
| fixed length control field | 090204t xxu||||| |||| 00| 0 eng d |
| 020 ## - INTERNATIONAL STANDARD BOOK NUMBER | |
| International Standard Book Number | 0071463062 |
| 082 ## - DEWEY DECIMAL CLASSIFICATION NUMBER | |
| Classification number | 621.402 |
| Item number | POT |
| 100 ## - MAIN ENTRY--PERSONAL NAME | |
| Personal name | Potter, Merle C. |
| 245 ## - TITLE STATEMENT | |
| Title | Schaum's outline of thermodynamics for engineers/ |
| Remainder of title | Merle C. Potter, Craig W. Somerton |
| 250 ## - EDITION STATEMENT | |
| Edition statement | 2nd ed. |
| 260 ## - PUBLICATION, DISTRIBUTION, ETC. (IMPRINT) | |
| Place of publication, distribution, etc | New York : |
| Name of publisher, distributor, etc | McGraw-Hill, |
| Date of publication, distribution, etc | c2006. |
| 300 ## - PHYSICAL DESCRIPTION | |
| Extent | x, 406 p.: |
| Other physical details | ill.; |
| Dimensions | 32 cm. |
| 490 ## - Series Statement | |
| Series statement | Schaum's Outline Series ; |
| 504 ## - BIBLIOGRAPHY, ETC. NOTE | |
| Bibliography, etc | Includes bibliographical references and index. |
| 650 ## - SUBJECT ADDED ENTRY--TOPICAL TERM | |
| Topical term or geographic name as entry element | Thermodynamics |
| 700 1# - ADDED ENTRY--PERSONAL NAME | |
| Personal name | Somerton, Craig W. |
| 942 ## - ADDED ENTRY ELEMENTS (KOHA) | |
| Item type | Book - Borrowing |
| Call number prefix | 621.402POT |
| Source of classification or shelving scheme | Dewey Decimal Classification |
| Withdrawn status | Item status | Source of classification or shelving scheme | Damaged status | Not for loan | Vendor | Home library | Current library | Shelving location | Date acquired | Source of acquisition | Total Checkouts | Total Renewals | Full call number | Barcode | Date last seen | Date last borrowed | Koha item type | Cost, normal purchase price | Serial Enumeration / chronology |
|---|---|---|---|---|---|---|---|---|---|---|---|---|---|---|---|---|---|---|---|
| Dewey Decimal Classification | unknown | Central Library | Central Library | First floor | 22/04/2007 | 2 | 16 | 621.402 POT | 000030372 | 15/07/2025 | 01/04/2018 | Book - Borrowing | |||||||
| Dewey Decimal Classification | Alahram | Central Library | Central Library | First floor | 04/02/2009 | 621.402 POT | 000008975 | 15/07/2025 | Book - Borrowing | ||||||||||
| Dewey Decimal Classification | Alahram | Central Library | Central Library | First floor | 04/02/2009 | 8 | 17 | 621.402 POT | 000014564 | 15/07/2025 | 21/04/2022 | Book - Borrowing | 129.20 | 06458 |